| 000 | 00647nam a22001817a 4500 | ||
|---|---|---|---|
| 005 | 20160923095646.0 | ||
| 008 | 160919b xxu||||| |||| 00| 0 eng d | ||
| 050 | _aB20.W927 | ||
| 100 |
_aVila-Chao, Joao J. (ed.) _925906 |
||
| 245 |
_aWorld meeting Jesuits and philosophy _cedited by Vila-Chao, Joao J., Caruana, Luis and Watzka, Heinrich |
||
| 260 |
_aFrankfurt _bphilosophisch-Theologische Hochschule _c2007 |
||
| 300 |
_a200p.; _c30cm. |
||
| 650 |
_aPhilosophy _925907 _xCongresses |
||
| 700 |
_aCaruana, Luis (ed.) _926101 |
||
| 700 |
_aJesuits and Philosophy _926102 |
||
| 700 |
_aWatzka, Heinrich (ed.) _926103 |
||
| 942 |
_2lcc _cMONOGRAPH |
||
| 999 |
_c125270 _d125270 |
||